Microstructure modification of 2024 aluminum alloy produced by friction drilling; Materials Science and Engineering: A; Vol. 691

Detalles Bibliográficos
Parent link:Materials Science and Engineering: A.— , 1989-
Vol. 691.— 2017.— [P. 121-125]
Autor Corporativo: Национальный исследовательский Томский политехнический университет (ТПУ) Институт физики высоких технологий (ИФВТ)
Outros autores: Eliseev A. A. Aleksandr Andreevich, Fortuna S. V. Sergey Valerjevich, Kolubaev Е. А. Evgeny Aleksandrovich, Kalashnikova T. A. Tatiana Alexandrovna
Summary:Title screen
In this study modification of AA2024 microstructure produced by friction drilling was investigated. To reveal the role of deformation, high temperature and friction on microstructure modification methods of optical and scanning electron microscopy and microhardness test were used. Different zones of material around friction drilling hole has a special characterization through grain size, volume fraction and size of incoherent second phase particles and microhardness. It has been found that deformation, high temperature and friction in friction drilling process lead to recrystallization of grain structure and dissolution of incoherent second phase particles due to strain-induced dissolution effect. Microhardness of recrystallized material has increased.
Режим доступа: по договору с организацией-держателем ресурса
Idioma:inglés
Publicado: 2017
Subjects:
Acceso en liña:https://doi.org/10.1016/j.msea.2017.03.040
Formato: MixedMaterials Electrónico Capítulo de libro
KOHA link:https://koha.lib.tpu.ru/cgi-bin/koha/opac-detail.pl?biblionumber=654515

MARC

LEADER 00000naa0a2200000 4500
001 654515
005 20250312121024.0
035 |a (RuTPU)RU\TPU\network\20137 
090 |a 654515 
100 |a 20170502d2017 k||y0rusy50 ba 
101 0 |a eng 
102 |a NL 
135 |a drcn ---uucaa 
181 0 |a i  
182 0 |a b 
200 1 |a Microstructure modification of 2024 aluminum alloy produced by friction drilling  |f A. A. Eliseev [et al.] 
203 |a Text  |c electronic 
300 |a Title screen 
320 |a [References: 19 tit.] 
330 |a In this study modification of AA2024 microstructure produced by friction drilling was investigated. To reveal the role of deformation, high temperature and friction on microstructure modification methods of optical and scanning electron microscopy and microhardness test were used. Different zones of material around friction drilling hole has a special characterization through grain size, volume fraction and size of incoherent second phase particles and microhardness. It has been found that deformation, high temperature and friction in friction drilling process lead to recrystallization of grain structure and dissolution of incoherent second phase particles due to strain-induced dissolution effect. Microhardness of recrystallized material has increased. 
333 |a Режим доступа: по договору с организацией-держателем ресурса 
461 |t Materials Science and Engineering: A  |d 1989- 
463 |t Vol. 691  |v [P. 121-125]  |d 2017 
610 1 |a электронный ресурс 
610 1 |a труды учёных ТПУ 
610 1 |a бурение 
610 1 |a трение 
610 1 |a микроструктуры 
701 1 |a Eliseev  |b A. A.  |g Aleksandr Andreevich 
701 1 |a Fortuna  |b S. V.  |g Sergey Valerjevich 
701 1 |a Kolubaev  |b Е. А.  |c physicist  |c engineer of Tomsk Polytechnic University, Candidate of Physical and Mathematical Sciences  |f 1979-  |g Evgeny Aleksandrovich  |3 (RuTPU)RU\TPU\pers\34115  |9 17655 
701 1 |a Kalashnikova  |b T. A.  |g Tatiana Alexandrovna 
712 0 2 |a Национальный исследовательский Томский политехнический университет (ТПУ)  |b Институт физики высоких технологий (ИФВТ)  |3 (RuTPU)RU\TPU\col\17233 
801 2 |a RU  |b 63413507  |c 20170502  |g RCR 
856 4 |u https://doi.org/10.1016/j.msea.2017.03.040 
942 |c CF